| 000 | 02755cam a22004094i 4500 | ||
|---|---|---|---|
| 003 | PE-LiUPU | ||
| 005 | 20250731183429.0 | ||
| 008 | 150706s r 000 0 d | ||
| 035 | _a(Sirsi) a50272 | ||
| 040 |
_aPE-LiUPU _bspa _cPE-LiUPU _erda |
||
| 049 | _aPRUA | ||
| 082 | 0 | 4 |
_a720.986105 _bE78 _221 |
| 245 | 0 | 1 |
_aCiudades satélite / _cSociedad Bolivariana de Arquitectos. |
| 264 | 1 |
_aBogotá : _bSociedad Bolivariana de Arquitectos, _c[1987]. |
|
| 300 |
_apag. varia : _bilustraciones ; _c34 cm. |
||
| 336 |
_atext _2rdacontent |
||
| 337 |
_aunmediated _2rdamedia |
||
| 338 |
_avolume _2rdacarrier |
||
| 490 | 0 |
_aPaquetes temáticos ; _v20 |
|
| 500 | _aISSN: 0120-6702 | ||
| 500 | _aLa Revista Escala publica monografías títuladas como : "Paquetes temáticos" cubre temas especificos, recopilados de los artículos publicados en la misma revista. | ||
| 505 | 0 | _aAntecendentes históricos -- Bucaramanga, "ciudad de los parques" -- Ejemplos de planeación urbanística y arquitectónica -- Conclusiones de una investigación -- Coser la ciudad -- "Ciudadela real de minas" -- Guía de diseño para la plaza central y la calle real de la ciudadela real de minas -- Unidades de diseño 1 y 2 - Proyecto arquitectónico -- Unidades de diseño 3, 4, 5 y 22. Proyecto arquitectónico -- Exposición internacional de arquitectura y hábitat (IBA) - Berlín -- En Berlín -- Berlín -- Berlín: barrio kreuzberg: paso a paso -- Los nuevos asentamientos urbanos -- París: ciudad nueva de Saint Quentin - en Yvelines -- París: ciudad nueva de Marne - la - Vallee -- París: ciudad nueva de Cergy Pontoise -- Proyectos en Latinoamérica -- Colombia -- Proyectos del mundo -- Alemania -- España -- Francia -- Holanda -- U.S.A -- La ciudad no es un árbol -- Espacio arquitectónico - espacio urbano -- Diálogos con escala -- Ejemplos notables de arquitectura - Bógot 1980 -- La ciudad en la literatura -- A propósito de revistas de arquitectura -- Las revistas profesionales y la historia de la arquitectura en Colombia -- Diseño industrial -- Iluminación. | |
| 526 | _aP158 | ||
| 526 | _aP146 | ||
| 526 | _aP17 | ||
| 526 | _aP12 | ||
| 526 | _aP06 | ||
| 650 | 0 | 4 |
_aArquitectura colombiana _vPublicaciones seriadas. |
| 650 | 0 | 4 |
_aArquitectura _xDiseños y planos _vPublicaciones seriadas. |
| 650 | 0 | 4 |
_aArte colombiano _xSiglo XX _vPublicaciones seriadas. |
| 650 | 0 | 4 |
_aIngeniería _zColombia _vPublicaciones seriadas. |
| 910 | _agl | ||
| 942 |
_2ddc _cBOOK |
||
| 949 |
_a720.986105 E78 20 _wDEWEY _c1 _i63801 _lCCODEBUL1 _mBUL _p43.00 _r0 _sY _tLIBRO _u2015-07-06 _xINGENIERIA _o.STAFF. Colección General |
||
| 999 |
_c52692 _d52692 |
||
| 980 |
_81 _gALBERTO SANCHEZ Responsable de Automatización |
||